000 00605nam a2200181 i 4500
001 22311
003 ES-MaACL
005 20260303141305.0
007 t|
008 021202s1970 sp ||||1| spa d
100 1 _aAldana Fernández, Salvador.
_919607
245 1 0 _aPintores valencianos de flores
_b: (1766-1866) /
_cSalvador Aldana Fernández.
260 _aValencia :
_bInstitución Alfonso el Magnánimo, etc.,
_c1970.
300 _a326 p., 61 lám. :
_b1 gráf. ;
_c24 cm.
710 2 _aInstitució Alfons el Magnànim
_9173001
852 _aES-MaACL
_jC-39070
_bR.74730
999 _c22311
_d22311